Cases in intelligence analysis structured analytic techniques in action
Saved in:
| Main Author: | |
|---|---|
| Other Authors: | |
| Format: | Book |
| Language: | English |
| Published: |
Los Angeles
Sage
2015
|
| Edition: | Second edition |
| Subjects: | |
| Tags: |
Add Tag
No Tags, Be the first to tag this record!
|
| Call Number : | JF 1525.I6 B44 2015 |
MARC
| LEADER | 00000nam a2200000 c 4500 | ||
|---|---|---|---|
| 001 | 89497 | ||
| 003 | MY-KLNDU | ||
| 005 | 20241219044803.0 | ||
| 008 | 221104 20152015xxu b 000 0 eng d | ||
| 020 | |a 9781483340166 (pbk) | ||
| 039 | 9 | |a 202211041259 |b VLOAD |c 202208110843 |d hainim |y 202203091623 |z dewi | |
| 040 | |a MY-KlNDU |b eng |c MY-KlNDU |e rda | ||
| 050 | |a JF 1525.I6 |b B44 2015 | ||
| 090 | |a JF 1525.I6 |b B44 2015 | ||
| 100 | 1 | |a Beebe, Sarah Miller |e author | |
| 245 | 1 | 0 | |a Cases in intelligence analysis |b structured analytic techniques in action |c Sarah Miller Beebe, Randolph H. Pherson |
| 250 | |a Second edition | ||
| 264 | 1 | |a Los Angeles |b Sage |c 2015 | |
| 264 | 4 | |a © 2015 | |
| 300 | |a xlii, 353pages |b ilustrations |c 23 cm | ||
| 336 | |a text |2 rdacontent | ||
| 337 | |a unmediated |2 rdamedia | ||
| 338 | |a volume |2 rdacarrier | ||
| 504 | |a Includes bibliographical references | ||
| 592 | |a 41377 |b 12/04/2022 |c RM244.69 |h Bookline Services | ||
| 650 | 0 | |a Intelligence service |x Methodology |v Case studies | |
| 700 | 1 | |a Pherson, Randolph H. | |
| 999 | |a vtls000102347 |c 89497 |d 89497 | ||


